Từ vựng tiếng Anh theo chủ điểm
Wedi'i Gadw mewn:
| Prif Awdur: | |
|---|---|
| Fformat: | Llyfr |
| Iaith: | Vietnamese |
| Cyhoeddwyd: |
H.
GD
1999
|
| Pynciau: | |
| Tagiau: |
Ychwanegu Tag
Dim Tagiau, Byddwch y cyntaf i dagio'r cofnod hwn!
|
| Thư viện lưu trữ: | Trung tâm Học liệu Lê Vũ Hùng, Trường Đại học Đồng Tháp |
|---|
| LEADER | 00691pam a22002178a 4500 | ||
|---|---|---|---|
| 001 | 00025938 | ||
| 008 | 110812s1999 ||||||viesd | ||
| 005 | 20210310100308.0 | ||
| 041 | 0 | # | |a vie |
| 082 | 1 | 4 | |a 428 |b T550V |
| 100 | 0 | # | |a Võ Công Thương |
| 245 | 0 | 0 | |a Từ vựng tiếng Anh theo chủ điểm |c Võ Công Thương |
| 260 | # | # | |a H. |b GD |c 1999 |
| 300 | # | # | |a 329tr. |c 19cm. |
| 653 | # | # | |a tiếng anh |
| 653 | # | # | |a từ vựng |
| 852 | # | # | |b Kho giáo trình |j KGT.0027913 |
| 852 | # | # | |b Kho mượn |j KGT.0027913 |
| 852 | # | # | |j KGT.0027913 |j KGT.0048952 |
| 910 | # | # | |d 12/08/2011 |
| 980 | # | # | |a Trung tâm Học liệu Lê Vũ Hùng, Trường Đại học Đồng Tháp |